[Event "AUTO-ELITE-2600"]
[Site "http://www.queenalice.com/game.php?id=1865759"]
[Date "2025.11.19"]
[Round "1"]
[White "NodirbekA"]
[Black "trompmaster"]
[Result "1-0"]
[WhiteElo "2374"]
[BlackElo "2425"]

1. e4 d6 2. d4 Nf6 3. Nc3 Nbd7 4. f4 e5 5. Nf3 exd4 6. Qxd4 c6 7. Be3 d5 8. e5
Ng4 9. Bg1 Bc5 10. Qd2 Bxg1 11. Rxg1 Qb6 12. Na4 Qe3+ 13. Qxe3 Nxe3 14. Bd3 b5
15. Nc3 b4 16. Na4 Nb6 17. Nc5 a5 18. a3 bxa3 19. b3 Nd7 20. Nxd7 Bxd7 21. Kd2
Nf5 22. Rxa3 g6 23. Rga1 Ng7 24. Rxa5 Rxa5 25. Rxa5 Ke7 26. Nd4 Rc8 27. b4 Rc7
28. Ke3 f6 29. Ra8 fxe5 30. fxe5 Ne6 31. Nxe6 Kxe6 32. Kd4 Rc8 33. Rxc8 Bxc8 34.
Be2 h5 35. c4 dxc4 36. Bxc4+ Ke7 37. Kc5 Bd7 38. h4 Be8 39. g3 Bd7 40. Bb3 Be8
41. e6 Kf6 42. Kd6 g5 43. Bc2 Kg7 44. Ke7 c5 45. Kxe8 Kf6 46. Kd7 1-0

[Event "AUTO-ELITE-2600"]
[Site "http://www.queenalice.com/game.php?id=1865760"]
[Date "2025.11.19"]
[Round "1"]
[White "trompmaster"]
[Black "NodirbekA"]
[Result "0-1"]
[WhiteElo "2424"]
[BlackElo "2388"]

1. e4 c6 2. d4 d5 3. exd5 cxd5 4. h3 Nc6 5. Nf3 Bf5 6. c4 dxc4 7. Bxc4 e6 8. Nc3
Nf6 9. g4 Bg6 10. O-O Be7 11. d5 exd5 12. Nxd5 O-O 13. Nxe7+ Qxe7 14. Re1 Ne4
15. Qe2 Rae8 16. Be3 Kh8 17. Rad1 f5 18. Bd3 h6 19. Nd4 Ne5 20. gxf5 Nxd3 21.
Rxd3 Bxf5 22. Nxf5 Rxf5 23. f4 Qh4 24. Bd2 Re7 25. Qg4 Qf2+ 26. Kh1 Rf8 27. Qg2
Rxf4 28. Kh2 Kh7 29. Qxf2 Rxf2+ 30. Kg1 Rff7 31. Rde3 Rd7 32. Bb4 Nf6 33. Rf3
Nd5 34. Rxf7 Rxf7 35. Bd6 Rd7 36. Bb8 a6 37. a4 Nb4 38. Bh2 Nd3 39. Re2 Nc5 40.
Kg2 Nxa4 41. Bg1 Rd3 42. Ba7 b6 43. Re4 Rd7 44. Rxa4 Rxa7 45. Kg3 Kg6 46. Kg4
Kf6 47. Rd4 Re7 48. b4 Re6 49. h4 Ke5 50. Rd7 g6 51. h5 gxh5+ 52. Kxh5 Rd6 53.
Rc7 Rd4 54. Ra7 Rxb4 55. Rxa6 Kd6 56. Kxh6 Kc5 57. Kg6 b5 58. Kf5 Ra4 59. Rg6 b4
60. Ke4 Kc4 61. Rc6+ Kb3 62. Kd3 Ra1 63. Kd2 Kb2 64. Rb6 b3 65. Rb7 Ra3 66. Ke3
Ka1 67. Kd2 b2 68. Kc2 Ra2 0-1

[Event "AUTO-ELITE-2615"]
[Site "http://www.queenalice.com/game.php?id=1870763"]
[Date "2026.3.20"]
[Round "1"]
[White "NodirbekA"]
[Black "CHECKMATE88"]
[Result "1/2-1/2"]
[WhiteElo "2371"]
[BlackElo "2461"]

1. e4 c5 2. Nf3 d6 3. d4 cxd4 4. Nxd4 Nf6 5. Nc3 a6 6. Be3 e5 7. Nb3 Be6 8. f3
h5 9. Qd2 Nbd7 10. Nd5 Bxd5 11. exd5 g6 12. O-O-O Nb6 13. Kb1 Nbxd5 14. Bg5 Be7
15. Bd3 Qc7 16. c4 Nb6 1/2-1/2

[Event "AUTO-ELITE-2615"]
[Site "http://www.queenalice.com/game.php?id=1870764"]
[Date "2026.3.20"]
[Round "1"]
[White "CHECKMATE88"]
[Black "NodirbekA"]
[Result "1/2-1/2"]
[WhiteElo "2461"]
[BlackElo "2367"]

1. e4 c5 2. Nf3 d6 3. d4 cxd4 4. Nxd4 Nf6 5. Nc3 a6 6. Be3 e5 7. Nb3 Be6 8. f3
h5 9. Nd5 Bxd5 10. exd5 Nbd7 11. Qd2 g6 12. O-O-O Nb6 13. Kb1 Nbxd5 14. Bg5 Be7
15. Bd3 Qc7 16. Rhe1 Nb6 1/2-1/2

[Event "AUTO-OPEN-4622"]
[Site "http://www.queenalice.com/game.php?id=1873259"]
[Date "2026.5.12"]
[Round "2"]
[White "chessman"]
[Black "NodirbekA"]
[Result "0-1"]
[WhiteElo "2162"]
[BlackElo "2353"]

1. e4 c5 2. Nf3 d6 3. Bb5+ Nd7 4. O-O a6 5. Be2 Ngf6 6. Nc3 b5 7. d3 Bb7 8. a3
e6 9. Bg5 h6 10. Be3 Be7 11. h3 Qc7 12. Qd2 O-O 13. Rad1 b4 14. axb4 cxb4 15.
Nb1 d5 16. exd5 Nxd5 17. c3 a5 18. c4 Nxe3 19. fxe3 e5 20. b3 Nc5 21. Qc2 e4 22.
Nd4 Rad8 23. Nb5 exd3 24. Bxd3 Qg3 0-1

[Event "AUTO-OPEN-4622"]
[Site "http://www.queenalice.com/game.php?id=1873260"]
[Date "2026.5.12"]
[Round "2"]
[White "NodirbekA"]
[Black "chessman"]
[Result "1-0"]
[WhiteElo "2343"]
[BlackElo "2152"]

1. e4 c5 2. Nf3 Nc6 3. Bb5 d6 4. O-O Bd7 5. Re1 Nf6 6. c3 a6 7. Bf1 e6 8. d4
cxd4 9. cxd4 Be7 10. Nc3 Rc8 11. Bf4 O-O 12. d5 exd5 13. exd5 Nb8 14. Qd4 h6 15.
Qb4 b5 16. Rxe7 1-0

[Event "AUTO-OPEN-4622"]
[Site "http://www.queenalice.com/game.php?id=1873271"]
[Date "2026.5.12"]
[Round "2"]
[White "cerenzo72"]
[Black "NodirbekA"]
[Result "0-1"]
[WhiteElo "2094"]
[BlackElo "2362"]

1. c4 e5 2. Nc3 Nf6 3. e4 Bc5 4. h3 d6 5. Nf3 Nc6 6. Be2 h6 7. O-O Nh7 8. a3 a5
9. d3 Nf8 10. Nb5 Ne6 11. Bd2 a4 12. Nc3 Ned4 13. Be3 O-O 14. Re1 Bd7 15. Rb1 b6
16. Nxa4 Rxa4 17. Qxa4 Nxe2+ 18. Rxe2 Nd4 19. Qd1 Nxf3+ 20. gxf3 Bxh3 21. Qd2
Qh4 22. Bxc5 Qh5 23. Kh2 Bg4+ 0-1

[Event "AUTO-OPEN-4622"]
[Site "http://www.queenalice.com/game.php?id=1873272"]
[Date "2026.5.12"]
[Round "2"]
[White "NodirbekA"]
[Black "cerenzo72"]
[Result "1-0"]
[WhiteElo "2333"]
[BlackElo "2142"]

1. e4 e5 2. Nf3 d6 3. d4 exd4 4. Nxd4 Nf6 5. Nc3 Be7 6. Bf4 O-O 7. Qd2 b6 8.
O-O-O Bb7 9. f3 Nbd7 10. g4 Ne5 11. Nf5 Nxf3 12. Qe3 Nxg4 13. Qxf3 Nf6 14. Rg1
g6 15. Bg5 1-0